Brezno

Zobrazenie: Pohľad z kopca na mesto. Pod kopcom v strede je kostol. Za mestom sú lúky, polia a kopce. V popredí vľavo na kopci je listnatý strom

Bibliographic Details
Format: Postcard
Language:Slovak
PhysicalDescription:1 pohľadnica čiernobiela 11 x 15 cm
Published: [Bratislava] SVPL 1959
Subjects:

MARC

LEADER 00000nkm a2200000 a 4500
001 vtls011901723
003 SK-MaSNL
005 20260512122457.0
007 kp bo
008 240131s1959 xo g kuslo
015 |a SNBG1959 
035 |a urn:nbn:sk:snk-km00e9mb 
035 |a urn:nbn:sk:snk-km43hjw 
035 |a 8CC38837-CEA4-4A7C-AF93-C951227B05C0 
040 |a SNK  |b slo  |c SNK  |e AACR2 
041 0 |a slo 
043 |a e-xo--- 
044 |a xo  |c SK 
072 7 |a 913  |x Regionálna geografia  |2 konspekt 
080 |a 913(437.6)  |2 2011 
080 |a 904(084.121)  |2 2011 
080 |a 721  |2 2011 
080 |a 726:27-523.42  |2 2011 
245 0 0 |a Brezno  |h grafika 
260 |a [Bratislava]  |b SVPL  |c 1959 
300 |a 1 pohľadnica  |b čiernobiela  |c 11 x 15 cm 
520 8 |a Zobrazenie: Pohľad z kopca na mesto. Pod kopcom v strede je kostol. Za mestom sú lúky, polia a kopce. V popredí vľavo na kopci je listnatý strom 
650 0 7 |a budovy  |2 SNKPH  |9 1283 
650 0 7 |a kostoly  |2 SNKPH  |9 3023 
650 0 7 |a kultúrne pamiatky  |2 SNKPH  |9 2862 
651 7 |a Brezno (Slovensko)  |2 SNKPHgeo  |9 31403 
655 7 |a miestne pohľadnice  |2 SNKPH  |9 70510 
655 7 |a pohľadnice kultúrnych pamiatok  |2 SNKPH  |9 70523 
852 |a Slovenská národná knižnica 
958 |a GBN 
958 |a GC 
958 |a OND 
958 |a EUIPO 
999 |c 606439  |d 608369 
952 |a SNK  |b SNK  |y PREZ  |7 0  |p 17A1379564  |o snkSP 128106  |0 0  |1 0  |4 0  |d 2019-11-20  |f 1  |l 0  |r 2026-02-23 16:09:20  |w 2026-02-23